| 000 | 01351nam a2200193 a 4500 | ||
|---|---|---|---|
| 008 | 180918e2014 sp |||g||||| 001 1 spa d | ||
| 020 | _a9788498382808 | ||
| 041 | _aspa | ||
| 092 |
_c808 _l74 _sRIO |
||
| 100 | 1 |
_aRiordan, Rick _94305 |
|
| 245 | 3 |
_aEl mar de los monstruos. _bPercy Jackson y los dioses del Olimpo II / _cRick Riordan |
|
| 250 |
_a4a ed. _bTraducción Santiago del Rey |
||
| 260 |
_aBarcelona: _bSalamandra; _c2014. |
||
| 300 | _a253 p. | ||
| 500 | _aRiordan, R.(2014). El mar de los monstruos. (4a ed.). Barcelona : Salamandra. | ||
| 505 | _aDesde que sabe que es hijo de un dios y una mortal, Percy Jackson espera que el destino le depare continuas aventuras. Y su expectativa se cumplirá con creces. Aunque el nuevo curso en la escuela Meriwether transcurre con inusual normalidad, un simple partido de balón prisionero acaba en batalla campal contra una banda de feroces gigantes. A partir de ahí las cosas se precipitan: el perímetro mágico que protege el campamento mestizo es destruido por in misterioso enemigo y la única seguridad con que contaban los semidioses desaparece. Así, para impedir este daño irreversible, Percy y sus amigos inician la travesía del temible mar de los monstruos en busca de lo único que puede salvar el campamento: el Vellocino de oro. | ||
| 655 |
_aLiteratura _92917 |
||
| 942 |
_2ddc _cLIT |
||
| 999 |
_c3254 _d3254 |
||